00670nam a2200193 i 4500003000900000005001700009007000300026008004100029040003000070082001900100100000300119110004400122245012200166264007100288300002800359336002700387337003400414338002800448DO-SdBNP20250828094024.0ta250828s1978 dr 000 j spa d aDO-SdBNPbspacBNPHUerda axxxbR426L222  aRepública Dominicana.bBanco Central 10aLey no. 861 que crea el directorio de inversión extranjera :bforeign investment Law, Law no. 861 of july 22, 1978  1aSanto Domingo :bBanco Central de la República Dominicana,c1978 a38 páginas, c24 cm. 2rdacontentatextobtxt 2rdamediaasin mediación bn 2rdacarrieravolumenbnc